00973nam a22001457a 4500999001900000008004100019100002800060245007100088260003400159300003300193520045200226773003400678942000700712952010800719 c533137d533137260427b ||||| |||| 00| 0 eng d a Mohan, T.T. Ram960249 aForeign banks: A small shift that does not change the basic policy aEconomic & Political Weekly  a61(7), Feb 14, 2026: p.10-11 aRecent foreign investments in Indian banks signal only a modest shift in policy rather than a fundamental change in stance. With domestic banks now stronger, better capitalised, and technologically advanced, and with foreign banks accounting for a small share of assets, the concerns that led to extreme caution on foreign bank entry no longer apply. –Reproduced https://www.epw.in/journal/2026/7/h-t-parekh-finance-column/foreign-banks.html  aEconomic & Political Weekly  cAR 00102ddc40709408309aIIPAbIIPAd2026-04-27h61(7), Feb 14, 2026: p.10-11pAR138648r2026-04-27yAR